000 00826nam a2200241Ia 4500
003 OSt
005 20220927105458.0
006 a|||||r|||| 00| 0
007 ta
008 220926b |||||||| |||| 00| 0 eng d
024 _a184347
037 _cReference Collections
040 _aRTL
_cRTL
_beng
041 _2eng
_aeng
082 _a"X9:J2.1N45.N79, L9"
110 _a"UNITED NATIONS, ECONOMIC AND SOCIAL COMMISSION FOR ASIA AND THE PACIFIC"
245 0 _aTransnational corporations and the distribution of gains in the Tin Industry of South-East Asia.
260 _aBangkok
_bUN
_c1979
300 _a"iv,63p."
_ccm.
700 _a"UNITED NATIONS, ECONOMIC AND SOCIAL COMMISSION FOR ASIA AND THE PACIFIC"
942 _h"X9:J2.1N45.N79, L9"
_cCC
999 _c692758
_d692758